|
|
|
|
| LEADER |
00000nam a22000007a 4500 |
| 005 |
2014082707567.0 |
| 007 |
cr|||| |||| |
| 008 |
140827s2012 cu |||||s|||| 00||0 spa d |
| 020 |
|
|
|a 975-959-7219-04-0
|
| 035 |
|
|
|a 12365
|
| 040 |
|
|
|a vLex
|
| 090 |
|
|
|c 5140
|d 5140
|
| 100 |
1 |
|
|a Manresa Porto, Emiliano
|
| 245 |
1 |
3 |
|a El derecho del trabajo rumbo a la integracin̤ latinoamericana
|h [Recurso electrn̤ico] /
|c Emiliano Manresa Porto
|
| 256 |
|
|
|a Servicio en ln̕ea
|
| 260 |
|
|
|a La Habana:
|b Unin̤ Nacional de Juristas de Cuba,
|c 2012
|
| 300 |
|
|
|a 1 recurso electrn̤ico
|
| 506 |
1 |
|
|a Disponible solo en los productos indicados
|d vLex Global
|d vLex Global (Academic Edition, excluding Law Schools)
|d vLex Global (U.S. Academic Edition, Law Schools)
|d vLex Global (U.S. Academic Edition, excluding Law Schools)
|d vLex Global (Academic Edition, Law Schools)
|
| 650 |
0 |
4 |
|a Derecho Civil
|z Cuba
|
| 650 |
0 |
4 |
|a Derecho Laboral y Seguridad Social
|z Cuba
|
| 740 |
0 |
|
|a vLex Libros (Servicio en ln̕ea)
|
| 856 |
4 |
0 |
|u http://vlex.com/source/derecho-del-trabajo-rumbo-a-la-integracion-latinoamericana-12365
|z Acceso restringido
|
| 942 |
|
|
|c BOOK
|
| 999 |
0 |
|
|a Civil Law
|
| 999 |
0 |
|
|a Labor Law and Social Security
|